000 01102nam0a22002651 4500
001 rc\397451
005 20250621071845.0
010 _a5-7245-0363-8
_93020
035 _a(NLR Aleph) 005646533
090 _a6725138
_c6725138
100 _a20030616d1989 |||y0rusy50 ca
101 0 _arus
102 _aRU
105 _aa |||||||||
200 1 _aТермодинамика равновесия жидкость - пар
_f[А.Г. Морачевский, Г.Л. Куранов, И.М. Балашова и др.]
_gПод ред. А.Г. Морачевского
210 _aЛ.
_cХимия. Ленингр. отд-ние
_d1989
215 _a343, [1] с.
_cил.
_d22
300 _aАвт. указаны на обороте тит. л.
320 _aБиблиогр.: с. 330-341 (357 назв.)
701 1 _4340
_7ca
_8rus
_aМорачевский
_bА. Г.
_cд-р хим. наук, аналит. химия
_f1923-
_gАлексей Георгиевич
_9165112
_3RU\NLR\AUTH\770165156
801 0 _aRU
_bNLR
_gpsbo
801 1 _aRU
_bELAR
_2rusmarc
852 _aNLR
_j89-5/1671
942 _cBOOK
980 _aNB